| 000 | 01518nam a2200361 a 4500 | ||
|---|---|---|---|
| 001 | ebr10477703 | ||
| 003 | CaPaEBR | ||
| 006 | m u | ||
| 007 | cr cn||||||||| | ||
| 008 | 110707s1999 enk sb 001 0 eng d | ||
| 020 | _z185575214X | ||
| 020 | _z9781855752146 | ||
| 020 | _z9781849402651 (e-book) | ||
| 040 |
_aCaPaEBR _cCaPaEBR |
||
| 035 | _a(OCoLC)733839907 | ||
| 050 | 1 | 4 |
_aRJ503 _b.P79 1999eb |
| 245 | 0 | 0 |
_aPsychoanalytic psychotherapy of the severely disturbed adolescent _h[electronic resource] / _cedited by Dimitris Anastasopoulos, Effie Laylou-Lignos, Margot Waddell ; foreword by Dimitris Anastopoulos. |
| 260 |
_aLondon : _bKarnac Books, _c1999. |
||
| 300 | _axxii, 189 p. | ||
| 490 | 1 | _aEFPP clinical monograph series | |
| 504 | _aIncludes bibliographical references and index. | ||
| 533 |
_aElectronic reproduction. _bPalo Alto, Calif. : _cebrary, _d2013. _nAvailable via World Wide Web. _nAccess may be limited to ebrary affiliated libraries. |
||
| 650 | 0 | _aAdolescent psychology. | |
| 650 | 0 | _aAdolescent analysis. | |
| 655 | 7 |
_aElectronic books. _2local |
|
| 700 | 1 | _aAnastopoulos, Dimitris. | |
| 700 | 1 | _aLaylou-Lignos, Effie. | |
| 700 | 1 | _aWaddell, Margot. | |
| 710 | 2 | _aEuropean Federation for Psychoanalytic Psychotherapy in the Public Health Services. | |
| 710 | 2 | _aebrary, Inc. | |
| 830 | 0 | _aEFPP clinical monograph series. | |
| 856 | 4 | 0 |
_uhttp://site.ebrary.com/lib/rucke/Doc?id=10477703 _zAn electronic book accessible through the World Wide Web; click to view |
| 999 |
_c221571 _d221571 |
||